000 00620cam a22002051 4500
001 749577
005 20180119072502.0
008 720107s1959 cau 000 0 eng
010 _a 59007425
040 _aDLC
_cDLC
_dDLC
041 1 _aengger
080 _a301.44 DAH
082 0 0 _a301.44 DAH
100 1 _a50
101 _aSOC
240 1 0 _aSoziale Klassen und Klassenkonflikt in der industriellen Gesellschaft.
_lEnglish
245 1 0 _aClass and class conflict in industrial society.
_c[Translated, rev., and expanded by the author]
906 _a7
_bcbc
_corignew
_du
_eocip
_f19
_gy-gencatlg
942 _2ddc
_cBK
999 _c40582
_d40582